Top 100 klubowy ranking UEFA w 2020 roku - Statystyki

Ogólne statystyki
  • Ten quiz został rozwiązany 812 razy
  • Średni wynik to 47 z 100
Statystyki odpowiedzi
# kraj klub % Poprawnych
1 ESP Real Madryt
98%
3 ESP Barcelona
96%
2 GER Bayern Monachium
95%
4 ESP Atletico Madryt
91%
7 FRA PSG
90%
6 ENG Manchester City
89%
8 ENG Manchester United
88%
9 ENG Liverpool
86%
13 GER Borussia Dortmund
83%
36 ITA Inter Mediolan
81%
5 ITA Juventus Turyn
81%
14 ENG Tottenham
80%
18 ITA Napoli
76%
10 ESP Sevilla
76%
81 ITA Milan
75%
19 POR Porto
74%
11 ENG Arsenal Londyn
73%
15 ENG Chelsea Londyn
73%
21 NED Ajax Amsterdam
72%
20 POR Benfica
72%
26 UKR Dynamo Kijów
69%
91 POL Legia Warszawa
69%
16 ITA Roma
69%
30 POR Sporting Lizbona
65%
12 UKR Szachtar Donieck
65%
22 RUS Zenit
61%
27 ESP Valencia
60%
25 ESP Villarreal
58%
23 GER Bayer Leverkusen
57%
64 TUR Galatasaray
57%
46 SCO Celtic
56%
17 FRA Olympique Lyon
54%
33 RUS CSKA Moskwa
53%
38 ITA Lazio Rzym
52%
43 BEL Anderlecht
51%
24 SUI Basel
50%
54 CZE Sparta Praga
49%
48 ITA Atalanta
48%
28 TUR Besiktas
48%
49 CRO Dinamo Zagrzeb
48%
53 FRA Olympique Marsylia
48%
80 ESP Real Sociedad
48%
59 CZE Slavia Praga
48%
89 ENG West Ham
48%
39 FRA Monaco
47%
41 NED PSV Eindhoven
47%
35 DEN Kopenhaga
46%
62 SUI Young Boys
46%
44 ESP Athletic Bilbao
45%
61 GER Borussia M
45%
57 BEL Club Brugge
45%
87 ENG Everton
45%
94 SCO Rangers
45%
84 RUS Spartak Moskwa
45%
29 AUT Redbull Salzburg
44%
42 GER Wolfsburg
44%
37 POR Braga
42%
70 ENG Leicester City
42%
92 GRE AEK
41%
79 ESP Real Betis
41%
52 TUR Fenerbahce
40%
90 NED Feyenoord
40%
66 SWE Malmo
40%
55 BEL Genk
39%
58 CYP APOEL
38%
50 GER Eintracht Frankfurt
38%
82 ITA Fiorentina
38%
40 BEL Gent
38%
31 GER Redbull Lipsk
37%
32 GER Schalke 04
36%
56 KAZ Astana
35%
73 GRE PAOK
35%
65 SER Crvena Zvezda
32%
69 AUT Rapid Wiedeń
32%
99 GER Hertha Berlin
30%
51 RUS Lokomotiw Moskwa
30%
77 ESP Getafe
29%
47 CZE Viktoria Pilzno
29%
86 ENG Southampton
28%
75 ROM Steaua Bukareszt
26%
67 SER Partizan Belgrad
25%
34 GRE Olympiacos
24%
76 ESP Celta Vigo
23%
45 RUS Krasnodar
22%
60 BUL Ludogorec
22%
74 BEL Standard Liege
22%
100 GER Koln
21%
95 NOR Molde
21%
97 GER Mainz
20%
98 GER Augsburg
19%
85 ENG Wolves
19%
71 TUR Basaksehir
18%
72 AZE Qarabag
18%
88 ENG Burnley
15%
78 ESP Espanyol Barcelona
14%
93 ISR Maccabi Tel Awiw
13%
68 FRA Saint Etienne
13%
83 NED Alkmaar
12%
63 BEL BATE
9%
96 GER TSG Hoffenheim
7%
Nie znaleziono quizów pasujących do podanych kryteriów
Rozkład punktacji
Procent ludzi z każdym wynikiem
Percentyl według liczby udzielonych odpowiedzi
Twoja historia wyników
Nie rozwiązałeś tego quizu